Name countries that no longer exist - Statistics

General Stats
  • This quiz has been taken 83 times
  • The average score is 4 of 8
Answer Stats
Picture Answer % Correct
Korea
94%
Czechoslovakia
80%
Tibet
65%
Yugoslavia
56%
German Empire
48%
Austrian Empire
28%
Rhodesia
24%
Soviet Union, USSR
3%
No matching quizzes found
Score Distribution
Percent of People with Each Score
Percentile by Number Answered
Your Score History
You have not taken this quiz